Thành cổ Sài Gòn mấy vấn đề về triều Nguyễn
Wedi'i Gadw mewn:
| Prif Awdur: | |
|---|---|
| Fformat: | Llyfr |
| Iaith: | Undetermined |
| Cyhoeddwyd: |
Tp. HCM
Trẻ
1998
|
| Pynciau: | |
| Tagiau: |
Ychwanegu Tag
Dim Tagiau, Byddwch y cyntaf i dagio'r cofnod hwn!
|
| Thư viện lưu trữ: | Trung tâm Học liệu Trường Đại học Cần Thơ |
|---|
| LEADER | 00651nam a2200181Ia 4500 | ||
|---|---|---|---|
| 001 | CTU_27717 | ||
| 008 | 210402s9999 xx 000 0 und d | ||
| 082 | |a 959.703 | ||
| 082 | |b Ng527 | ||
| 100 | |a Lê, Nguyễn | ||
| 245 | 0 | |a Thành cổ Sài Gòn mấy vấn đề về triều Nguyễn | |
| 245 | 0 | |c Lê Nguyễn | |
| 260 | |a Tp. HCM | ||
| 260 | |b Trẻ | ||
| 260 | |c 1998 | ||
| 650 | |a Military architecture,vietnam - history - 17th century,vietnam - history - 18th century,vietnam - history - 19th century,vietnam - history - 20th century | ||
| 650 | |x History | ||
| 980 | |a Trung tâm Học liệu Trường Đại học Cần Thơ | ||